[Event "SVK-chT 2223"]
[Site "Slovakia"]
[Date "2023.04.01"]
[Round "10.5"]
[White "Terbe, Julianna"]
[Black "Likavsky, Tomas"]
[Result "1-0"]
[WhiteElo "2281"]
[BlackElo "2419"]
[PlyCount "65"]
[EventDate "2022.10.22"]
[EventType "team-tourn"]
[EventRounds "11"]
[EventCountry "SVK"]
[SourceTitle "EXT 2024"]
[Source "ChessBase"]
[SourceDate "2023.10.10"]
[SourceVersion "1"]
[SourceVersionDate "2023.10.10"]
[SourceQuality "1"]
[WhiteTeam "Komarno"]
[BlackTeam "Podhajska Aquamarin"]
[WhiteTeamCountry "SVK"]
[BlackTeamCountry "SVK"]

1. d4 d6 2. e4 g6 3. Nc3 Bg7 4. f4 Nf6 5. Bd3 e5 6. dxe5 dxe5 7. Nf3 Bg4 8. h3 Bxf3 9. Qxf3 Nc6 10. f5 Nd4 11. Qf2 c6 12. Be3 Qb6 13. 0-0-0 Bh6 14. Kb1 Bxe3 15. Qxe3 0-0-0 16. Bc4 Qc7 17. g4 h6 18. fxg6 fxg6 19. Rhf1 Qe7 20. g5 Nh5 21. gxh6 Nf4 22. Be2 Qh4 23. Bg4+ Kc7 24. Rxf4 exf4 25. Qxf4+ Kb6 26. Na4+ Ka5 27. Nc5 Kb6 28. Na4+ Ka5 29. Qc7+ Kxa4 30. b3+ Kb4 31. c3+ Kc5 32. cxd4+ Rxd4 33. Qa5+ 1-0

[Event "SVK-chT1E 1920"]
[Site "Slovakia"]
[Date "2020.01.25"]
[Round "7.2"]
[White "Likavsky, Tomas"]
[Black "Wiewiora, Eneasz"]
[Result "1/2-1/2"]
[WhiteElo "2429"]
[BlackElo "2313"]
[PlyCount "76"]
[EventDate "2019.10.12"]
[EventType "team-tourn"]
[EventRounds "11"]
[EventCountry "SVK"]
[SourceTitle "CBM 194 Extra"]
[Source "ChessBase"]
[SourceDate "2020.03.31"]
[SourceVersion "1"]
[SourceVersionDate "2020.03.31"]
[SourceQuality "1"]
[WhiteTeam "Dunajov Inbest II"]
[BlackTeam "Cadca"]
[WhiteTeamCountry "SVK"]
[BlackTeamCountry "SVK"]

1. d4 Nf6 2. c4 e6 3. g3 d5 4. Bg2 Be7 5. Nf3 0-0 6. 0-0 dxc4 7. Qc2 b5 8. a4 b4 9. Bg5 Bb7 10. Bxf6 b3 11. Bxe7 bxc2 12. Bxd8 cxb1Q 13. Rfxb1 Rxd8 14. Rc1 Bd5 15. Ne5 Bxg2 16. Kxg2 Rxd4 17. Rxc4 Rd2 18. Rxc7 Na6 19. Rc6 Nb4 20. Rc4 Rxb2 21. Rac1 Re8 22. Rc8 Kf8 23. Rxe8+ Kxe8 24. Rc8+ Ke7 25. Rb8 Rxe2 26. Rb7+ Kf8 27. Nxf7 Nd3 28. Ng5 h6 29. Nh3 a5 30. Rd7 Rd2 31. Kf1 g5 32. g4 Kg8 33. Ra7 Ne5 34. Rxa5 Nxg4 35. Nxg5 Rxf2+ 36. Kg1 Rxh2 37. Ra8+ Kg7 38. Nxe6+ Kf6 1/2-1/2

[Event "SVK-chT1E 1920"]
[Site "Slovakia"]
[Date "2019.12.08"]
[Round "6.2"]
[White "Macko, Michal"]
[Black "Likavsky, Tomas"]
[Result "0-1"]
[WhiteElo "2168"]
[BlackElo "2436"]
[PlyCount "108"]
[EventDate "2019.10.12"]
[EventType "team-tourn"]
[EventRounds "11"]
[EventCountry "SVK"]
[SourceTitle "CBM 194 Extra"]
[Source "ChessBase"]
[SourceDate "2020.03.31"]
[SourceVersion "1"]
[SourceVersionDate "2020.03.31"]
[SourceQuality "1"]
[WhiteTeam "Liptov Chess School II"]
[BlackTeam "Dunajov Inbest II"]
[WhiteTeamCountry "SVK"]
[BlackTeamCountry "SVK"]

1. c4 e5 2. g3 g6 3. Bg2 Bg7 4. Nc3 d6 5. d3 Nc6 6. e4 Be6 7. Nge2 Qd7 8. Nd5 0-0-0 9. Qa4 Kb8 10. Be3 Nd4 11. Qxd7 Bxd7 12. Nxd4 exd4 13. Bg5 Re8 14. 0-0 c6 15. Nb4 Bh6 16. Bxh6 Nxh6 17. Nc2 c5 18. Rae1 f6 19. Na3 Nf7 20. f4 h5 21. Nb1 h4 22. Nd2 Kc7 23. a3 b6 24. Bf3 g5 25. e5 fxe5 26. Bd5 Be6 27. f5 Bxd5 28. cxd5 g4 29. Ne4 Reg8 30. f6 Kd7 31. Re2 Rg6 32. gxh4 Rxh4 33. Rg2 Ke8 34. b4 Kd7 35. bxc5 dxc5 36. Rb2 Rgh6 37. Nxc5+ bxc5 38. Rb7+ Kd6 39. Rxf7 Rxh2 40. Rf5 R2h5 41. Rxh5 Rxh5 42. Rxa7 Rf5 43. a4 c4 44. Ra6+ Kxd5 45. Ra5+ Ke6 46. dxc4 Rxf6 47. Rb5 Rf3 48. a5 Ra3 49. Rb6+ Ke7 50. Rb7+ Kd6 51. Rb6+ Kc7 52. Rb5 e4 53. Rd5 e3 54. Rxd4 Ra1+ 0-1

[Event "SVK-chT1E 1920"]
[Site "Slovakia"]
[Date "2019.12.07"]
[Round "5.1"]
[White "Likavsky, Tomas"]
[Black "Svana, Peter"]
[Result "1-0"]
[WhiteElo "2436"]
[BlackElo "2248"]
[PlyCount "47"]
[EventDate "2019.10.12"]
[EventType "team-tourn"]
[EventRounds "11"]
[EventCountry "SVK"]
[SourceTitle "CBM 194 Extra"]
[Source "ChessBase"]
[SourceDate "2020.03.31"]
[SourceVersion "1"]
[SourceVersionDate "2020.03.31"]
[SourceQuality "1"]
[WhiteTeam "Dunajov Inbest II"]
[BlackTeam "Kysucke Nove Mesto"]
[WhiteTeamCountry "SVK"]
[BlackTeamCountry "SVK"]

1. c4 Nf6 2. Nc3 d5 3. cxd5 Nxd5 4. g3 g6 5. Bg2 Nb6 6. d3 Bg7 7. Be3 Nc6 8. Qd2 h5 9. Nf3 Be6 10. 0-0 Qc8 11. Ng5 Bd7 12. a4 f6 13. a5 fxg5 14. axb6 Bh3 15. Nd5 cxb6 16. Nxb6 axb6 17. Bxh3 g4 18. Bg2 Nd4 19. Bxd4 Bxd4 20. Qg5 Rxa1 21. Qxg6+ Kd8 22. Rxa1 h4 23. e3 Bxb2 24. Qxb6+ 1-0

[Event "SVK-chT 1920"]
[Site "Slovakia"]
[Date "2019.10.20"]
[Round "2.3"]
[White "Likavsky, Tomas"]
[Black "Mrva, Martin"]
[Result "0-1"]
[WhiteElo "2423"]
[BlackElo "2401"]
[PlyCount "106"]
[EventDate "2019.10.19"]
[EventType "team-tourn"]
[EventRounds "11"]
[EventCountry "SVK"]
[SourceTitle "CBM 192 Extra"]
[Source "Chessbase"]
[SourceDate "2019.11.06"]
[SourceVersion "1"]
[SourceVersionDate "2019.11.06"]
[SourceQuality "1"]
[WhiteTeam "Podhajska Aquamarin"]
[BlackTeam "Humenne Reinter"]
[WhiteTeamCountry "SVK"]
[BlackTeamCountry "SVK"]

1. d4 a6 2. e4 d6 3. c4 e5 4. Nf3 Nc6 5. Be2 Be7 6. Nc3 exd4 7. Nxd4 Nxd4 8. Qxd4 Bf6 9. Qd3 Ne7 10. 0-0 0-0 11. Be3 Nc6 12. Rad1 Re8 13. Qc2 Bxc3 14. Qxc3 Qe7 15. Bd3 Ne5 16. Bb1 b6 17. f3 Ng6 18. Rf2 Bb7 19. Rfd2 Bc6 20. Kh1 a5 21. Bd4 f6 22. b3 Nf4 23. Qe3 Ne6 24. Bc3 Qf7 25. Qf2 Nf8 26. Bd3 Kh8 27. g4 Ng6 28. Qg3 Ne5 29. Bb1 a4 30. Rg1 axb3 31. axb3 Ra3 32. Bxe5 Rxe5 33. Bc2 Ra2 34. Qf4 h6 35. Rc1 Rc5 36. Bd1 Ra3 37. Rb2 Qe8 38. Qd2 Re5 39. Kg1 Rg5 40. Ra2 Rxa2 41. Qxa2 f5 42. h3 fxe4 43. f4 Ra5 44. Qg2 Qa8 45. Qd2 Ra2 46. Bc2 Qa3 47. Qe3 Qb2 48. Kf2 Bb7 49. Kg3 b5 50. Kh4 Qf6+ 51. Kg3 bxc4 52. bxc4 g5 53. Bb3 gxf4+ 0-1

[Event "SVK-chT 1920"]
[Site "Slovakia"]
[Date "2019.10.19"]
[Round "1.3"]
[White "Mosesov, Danylo"]
[Black "Likavsky, Tomas"]
[Result "0-1"]
[WhiteElo "2290"]
[BlackElo "2423"]
[PlyCount "124"]
[EventDate "2019.10.19"]
[EventType "team-tourn"]
[EventRounds "11"]
[EventCountry "SVK"]
[SourceTitle "CBM 192 Extra"]
[Source "Chessbase"]
[SourceDate "2019.11.06"]
[SourceVersion "1"]
[SourceVersionDate "2019.11.06"]
[SourceQuality "1"]
[WhiteTeam "Kosice Slavia UPJS"]
[BlackTeam "Podhajska Aquamarin"]
[WhiteTeamCountry "SVK"]
[BlackTeamCountry "SVK"]

1. d4 Nf6 2. c4 d6 3. Nc3 Nbd7 4. e4 e5 5. d5 Nc5 6. f3 a5 7. Be3 h5 8. Qd2 Be7 9. 0-0-0 h4 10. Kb1 Bd7 11. Nge2 b6 12. Nc1 Nh7 13. Be2 Bg5 14. g3 Bxe3 15. Qxe3 Qg5 16. f4 Qh6 17. Bf3 Nf6 18. Qe2 Kf8 19. fxe5 dxe5 20. Nd3 Nxd3 21. Qxd3 Ne8 22. gxh4 Qxh4 23. c5 bxc5 24. Qe3 Qe7 25. h4 a4 26. a3 Rh6 27. h5 Rb8 28. Rd2 Qd6 29. Rc1 c4 30. Ka2 Qb6 31. Re1 Nd6 32. Bd1 Qxe3 33. Rxe3 Ra8 34. Rg2 f6 35. Reg3 Rh7 36. Rf2 Be8 37. Rfg2 c6 38. Bc2 cxd5 39. exd5 f5 40. Rg5 e4 41. Rf2 Rxh5 42. Rxh5 Bxh5 43. Nxe4 Nxe4 44. Bxe4 g6 45. Bg2 Bd1 46. Kb1 Bb3 47. Kc1 Rd8 48. Rf4 Ke7 49. Kd2 Rh8 50. Kc3 Rh2 51. Rf2 Kd6 52. Re2 Kc5 53. Rd2 Kd6 54. Re2 g5 55. Kd4 c3 56. bxc3 Bxd5 57. Bf1 Rh4+ 58. Ke3 f4+ 59. Kd2 Bc4 60. Rf2 Kc5 61. Bd3 Bxd3 62. Kxd3 Rh3+ 0-1

[Event "Blansko"]
[Site "Blansko"]
[Date "2019.09.28"]
[Round "8"]
[White "Likavsky, Tomas"]
[Black "Druska, Juraj"]
[Result "0-1"]
[WhiteElo "2423"]
[BlackElo "2460"]
[PlyCount "78"]
[EventDate "2019.09.21"]
[EventType "tourn"]
[EventRounds "9"]
[EventCountry "CZE"]
[EventCategory "8"]
[SourceTitle "EXT 2020"]
[Source "ChessBase"]
[SourceDate "2019.10.17"]
[SourceVersion "1"]
[SourceVersionDate "2019.10.17"]
[SourceQuality "1"]

1. Nf3 c5 2. c4 Nf6 3. d4 e6 4. Nc3 cxd4 5. Nxd4 Bb4 6. Ndb5 d5 7. Bf4 0-0 8. a3 Bxc3+ 9. Nxc3 d4 10. Nb5 Nc6 11. Bc7 Qd7 12. Bd6 Rd8 13. c5 Ne4 14. Nxd4 Nxd4 15. Qxd4 Nxd6 16. cxd6 Qxd6 17. Qxd6 Rxd6 18. Rd1 Rxd1+ 19. Kxd1 Bd7 20. e3 Ba4+ 21. Kc1 Rc8+ 22. Kb1 Bc2+ 23. Ka2 Rd8 24. Bc4 Rd2 25. Bb3 Bxb3+ 26. Kxb3 Rxf2 27. Rc1 g5 28. Rc7 Rxg2 29. Rxb7 Rxh2 30. Rxa7 g4 31. Rd7 Rh1 32. Ka2 h5 33. a4 h4 34. a5 h3 35. a6 h2 36. Rd8+ Kg7 37. a7 Ra1+ 38. Kxa1 h1Q+ 39. Ka2 g3 0-1

[Event "Blansko"]
[Site "Blansko"]
[Date "2019.09.24"]
[Round "4"]
[White "Likavsky, Tomas"]
[Black "Kociscak, Jiri"]
[Result "0-1"]
[WhiteElo "2423"]
[BlackElo "2499"]
[PlyCount "58"]
[EventDate "2019.09.21"]
[EventType "tourn"]
[EventRounds "9"]
[EventCountry "CZE"]
[EventCategory "8"]
[SourceTitle "EXT 2020"]
[Source "ChessBase"]
[SourceDate "2019.10.17"]
[SourceVersion "1"]
[SourceVersionDate "2019.10.17"]
[SourceQuality "1"]

1. d4 f5 2. g3 Nf6 3. Bg2 g6 4. Nf3 Bg7 5. 0-0 0-0 6. c4 d6 7. Nc3 c6 8. d5 e5 9. dxe6 Bxe6 10. Qd3 Nbd7 11. Ng5 Nc5 12. Nxe6 Nxe6 13. b3 Ng4 14. Bb2 Qe7 15. Rad1 Rad8 16. e3 h5 17. h3 Nf6 18. h4 Ng4 19. Qe2 Nc5 20. Qd2 Bf6 21. Qc2 a5 22. Ne2 Bxh4 23. Nf4 Bxg3 24. Nxg6 Bh2+ 25. Kh1 Qg5 26. Nxf8 Rxf8 27. Bh3 Qh4 28. f3 Qxh3 29. fxg4 Bf4+ 0-1

[Event "SVK-chT 1819"]
[Site "Slovakia"]
[Date "2019.04.12"]
[Round "9.5"]
[White "Likavsky, Tomas"]
[Black "Molnar, Erno"]
[Result "1/2-1/2"]
[WhiteElo "2430"]
[BlackElo "2233"]
[PlyCount "44"]
[EventDate "2018.11.10"]
[EventType "team-tourn"]
[EventRounds "11"]
[EventCountry "SVK"]
[SourceTitle "CBM 189 Extra"]
[Source "ChessBase"]
[SourceDate "2019.06.03"]
[SourceVersion "1"]
[SourceVersionDate "2019.06.03"]
[SourceQuality "1"]
[WhiteTeam "Podhajska Aquamarin"]
[BlackTeam "Komarno"]
[WhiteTeamCountry "SVK"]
[BlackTeamCountry "SVK"]

1. d4 Nf6 2. c4 g6 3. Nc3 d5 4. Nf3 Bg7 5. Qa4+ c6 6. cxd5 Nxd5 7. e4 Nxc3 8. bxc3 0-0 9. Be3 Nd7 10. Rd1 e5 11. Bd3 Qc7 12. 0-0 c5 13. d5 Nf6 14. h3 Ne8 15. c4 Nd6 16. Nd2 b6 17. Qc2 f5 18. f3 f4 19. Bf2 g5 20. Rb1 h5 21. Be2 Bf6 22. Rb3 Kf7 1/2-1/2

[Event "SVK-chT 1819"]
[Site "Slovakia"]
[Date "2019.02.16"]
[Round "5.6"]
[White "Likavsky, Tomas"]
[Black "Maslik, Miroslav"]
[Result "0-1"]
[WhiteElo "2430"]
[BlackElo "2350"]
[PlyCount "81"]
[EventDate "2018.11.10"]
[EventType "team-tourn"]
[EventRounds "11"]
[EventCountry "SVK"]
[SourceTitle "CBM 188 Extra"]
[Source "ChessBase"]
[SourceDate "2019.02.26"]
[SourceVersion "1"]
[SourceVersionDate "2019.02.26"]
[SourceQuality "1"]
[WhiteTeam "Podhajska Aquamarin"]
[BlackTeam "Modra"]
[WhiteTeamCountry "SVK"]
[BlackTeamCountry "SVK"]

1. c4 e6 2. d4 Nf6 3. g3 d5 4. Bg2 Nbd7 5. Nf3 Bb4+ 6. Nbd2 0-0 7. 0-0 c6 8. Qc2 b6 9. e4 Bb7 10. e5 Ne8 11. cxd5 cxd5 12. Re1 Nb8 13. a3 Be7 14. b4 Ba6 15. Qb1 Nc7 16. a4 Bb7 17. Nf1 Nc6 18. Bd2 b5 19. Ne3 a5 20. bxa5 b4 21. Nc2 Ba6 22. Nxb4 Bxb4 23. Bxb4 Rb8 24. Bxf8 Rxb1 25. Raxb1 Kxf8 26. Rb6 Nxa5 27. Reb1 Qd7 28. Rb8+ Ke7 29. Rg8 Ne8 30. Rb8 Bc8 31. Bf1 Nc4 32. Ne1 Qc7 33. Rb4 Nd2 34. Bb5 Bd7 35. Bxd7 Kxd7 36. Nd3 Qc3 37. Nc5+ Kc6 38. Rb1 Nxb1 39. Rxe8 Qe1+ 40. Kg2 Nd2 41. Rf8 0-1

[Event "SVK-chT1E 1819"]
[Site "Slovakia"]
[Date "2019.01.12"]
[Round "5.3"]
[White "Koval, Jakub"]
[Black "Likavsky, Tomas"]
[Result "0-1"]
[WhiteElo "2086"]
[BlackElo "2422"]
[PlyCount "62"]
[EventDate "2018.10.27"]
[EventType "team-tourn"]
[EventRounds "11"]
[EventCountry "SVK"]
[SourceTitle "CBM 188 Extra"]
[Source "ChessBase"]
[SourceDate "2019.02.26"]
[SourceVersion "1"]
[SourceVersionDate "2019.02.26"]
[SourceQuality "1"]
[WhiteTeam "Kysucke Nove Mesto"]
[BlackTeam "Dunajov Inbest II"]
[WhiteTeamCountry "SVK"]
[BlackTeamCountry "SVK"]

1. d4 d6 2. Nf3 g6 3. Bg5 Bg7 4. Nc3 h6 5. Bd2 e5 6. dxe5 dxe5 7. e4 Be6 8. Qe2 Nd7 9. 0-0-0 c6 10. Be3 Qa5 11. Nd2 Bxa2 12. Nxa2 Qxa2 13. Qc4 Qa1+ 14. Nb1 Ngf6 15. Bd2 0-0 16. Bb4 Rfc8 17. b3 b5 18. Qc3 Qa6 19. Qd3 Qb6 20. f3 c5 21. Bc3 c4 22. bxc4 Rxc4 23. Qd2 Rc6 24. Ba5 Qb7 25. Nc3 Rac8 26. Bd3 Nc5 27. Kb2 b4 28. Ne2 b3 29. c3 Rd6 30. Qe3 Rxd3 31. Rxd3 Qa6 0-1

[Event "SVK-chT 1718"]
[Site "Slovakia"]
[Date "2017.11.12"]
[Round "4.3"]
[White "Likavsky, Tomas"]
[Black "Meszaros, Michal"]
[Result "1/2-1/2"]
[WhiteElo "2430"]
[BlackElo "2362"]
[PlyCount "35"]
[EventDate "2017.09.30"]
[EventType "team-tourn"]
[EventRounds "11"]
[EventCountry "SVK"]
[SourceTitle "CBM 181 Extra"]
[Source "ChessBase"]
[SourceDate "2017.12.12"]
[SourceVersion "1"]
[SourceVersionDate "2017.12.12"]
[SourceQuality "1"]
[WhiteTeam "Dunajov Inbest"]
[BlackTeam "Dunajska Streda"]
[WhiteTeamCountry "SVK"]
[BlackTeamCountry "SVK"]

1. c4 c5 2. g3 g6 3. Bg2 Bg7 4. Nc3 Nc6 5. d3 d6 6. Bd2 e6 7. a3 Nge7 8. Rb1 a5 9. Nf3 0-0 10. 0-0 b6 11. Nb5 d5 12. b4 axb4 13. axb4 cxb4 14. Qb3 Ba6 15. Rfc1 Qd7 16. Bxb4 Bxb5 17. cxb5 Nxb4 18. Qxb4 1/2-1/2

[Event "SVK-chT 1617"]
[Site "Slovakia"]
[Date "2016.12.18"]
[Round "4.5"]
[White "Motuz, Karol"]
[Black "Likavsky, Tomas"]
[Result "1/2-1/2"]
[WhiteElo "2317"]
[BlackElo "2441"]
[PlyCount "112"]
[EventDate "2016.10.22"]
[EventType "team-tourn"]
[EventRounds "11"]
[EventCountry "SVK"]
[SourceTitle "CBM 177 Extra"]
[Source "ChessBase"]
[SourceDate "2017.04.27"]
[SourceVersion "1"]
[SourceVersionDate "2017.04.27"]
[SourceQuality "1"]
[WhiteTeam "Dubnica nad Vahom"]
[BlackTeam "Dunajov Inbest"]
[WhiteTeamCountry "SVK"]
[BlackTeamCountry "SVK"]

1. d4 d5 2. c4 e6 3. Nf3 Nf6 4. g3 Bb4+ 5. Bd2 Be7 6. Bg2 0-0 7. 0-0 Nbd7 8. Qc2 c6 9. Bf4 b6 10. Nbd2 Bb7 11. e4 Nxe4 12. Nxe4 dxe4 13. Qxe4 Nf6 14. Qe2 c5 15. Rad1 cxd4 16. Nxd4 Bxg2 17. Kxg2 Qc8 18. b3 Qb7+ 19. Qf3 Qxf3+ 20. Kxf3 Rfc8 21. g4 a6 22. a4 Ra7 23. Be3 Rb7 24. Ne2 Nd7 25. Nc1 Nc5 26. Rd2 h6 27. Rfd1 Kf8 28. Bxc5 bxc5 29. Rd7 Rcc7 30. Rxc7 Rxc7 31. Nd3 Rb7 32. Rb1 g6 33. Ke3 Kg7 34. h3 Kf6 35. f4 g5 36. a5 Bd6 37. Ke4 gxf4 38. Nxf4 Kg5 39. Nd3 Kh4 40. b4 cxb4 41. c5 Bf8 42. Rb3 Kxh3 43. Kf4 f5 44. gxf5 exf5 45. Kxf5 h5 46. Ke6 h4 47. c6 Rc7 48. Nxb4+ Kg2 49. Kd5 h3 50. Nxa6 Rc8 51. c7 h2 52. Rb2+ Kg3 53. Rb1 Bh6 54. Kc6 Be3 55. Rh1 Bd2 56. Kb7 Rxc7+ 1/2-1/2

[Event "SVK-chT 1617"]
[Site "Slovakia"]
[Date "2016.12.17"]
[Round "3.6"]
[White "Likavsky, Tomas"]
[Black "Karas, Marek"]
[Result "1/2-1/2"]
[WhiteElo "2441"]
[BlackElo "2196"]
[PlyCount "83"]
[EventDate "2016.10.22"]
[EventType "team-tourn"]
[EventRounds "11"]
[EventCountry "SVK"]
[SourceTitle "CBM 177 Extra"]
[Source "ChessBase"]
[SourceDate "2017.04.27"]
[SourceVersion "1"]
[SourceVersionDate "2017.04.27"]
[SourceQuality "1"]
[WhiteTeam "Dunajov Inbest"]
[BlackTeam "Osuske"]
[WhiteTeamCountry "SVK"]
[BlackTeamCountry "SVK"]

1. d4 Nf6 2. c4 e6 3. Nc3 Bb4 4. Qc2 0-0 5. a3 Bxc3+ 6. Qxc3 b6 7. Bg5 Bb7 8. e3 d6 9. f3 Nbd7 10. Nh3 Qe7 11. Be2 h6 12. Bh4 c5 13. 0-0 cxd4 14. Qxd4 e5 15. Qd2 d5 16. cxd5 Bxd5 17. Rac1 Be6 18. Nf2 Rfc8 19. b4 Nf8 20. Qb2 Ng6 21. Bg3 e4 22. fxe4 Rxc1 23. Rxc1 Rc8 24. Rxc8+ Bxc8 25. Qd4 Be6 26. Nd3 Qd7 27. Bf3 Qc8 28. h3 Nh7 29. Kh2 Ng5 30. Nf2 Bxh3 31. Nxh3 Qxh3+ 32. gxh3 Nxf3+ 33. Kg2 Nxd4 34. exd4 b5 35. Kf3 f6 36. d5 Nf8 37. e5 fxe5 38. Bxe5 Nd7 39. Ke4 Kf7 40. d6 g5 41. Kd5 Nxe5 42. Kxe5 1/2-1/2

[Event "SVK-chT 1415"]
[Site "Slovakia"]
[Date "2015.03.20"]
[Round "9.4"]
[White "Marek, Matyas"]
[Black "Likavsky, Tomas"]
[Result "1-0"]
[WhiteElo "2200"]
[BlackElo "2447"]
[PlyCount "65"]
[EventDate "2014.10.25"]
[EventType "team-tourn"]
[EventRounds "11"]
[EventCountry "SVK"]
[SourceTitle "EXT 2016"]
[Source "ChessBase"]
[SourceDate "2015.10.08"]
[SourceVersion "1"]
[SourceVersionDate "2015.10.08"]
[SourceQuality "1"]
[WhiteTeam "Cadca"]
[BlackTeam "Dunajov"]
[WhiteTeamCountry "SVK"]
[BlackTeamCountry "SVK"]

1. e4 c5 2. Nc3 e6 3. Nf3 a6 4. d4 cxd4 5. Nxd4 b5 6. Bd3 Qb6 7. Nf3 Bb7 8. 0-0 d6 9. a4 b4 10. a5 Qc7 11. Na4 Nd7 12. Be3 Ngf6 13. Nb6 Rb8 14. Qe2 Nxe4 15. Bxa6 Bxa6 16. Qxa6 Be7 17. Nd4 0-0 18. Nxd7 Qxd7 19. Qc6 Qb7 20. a6 Qa8 21. a7 Rbc8 22. Qxa8 Rxa8 23. Nc6 Bf6 24. Nxb4 Bxb2 25. Rab1 Bf6 26. Na6 Nc3 27. Nc7 Rac8 28. Ra1 Ne2+ 29. Kh1 Bxa1 30. Rxa1 Rxc7 31. a8Q Rxc2 32. Qe4 Rcc8 33. Qg4 1-0

[Event "SVK-chT 1415"]
[Site "Slovakia"]
[Date "2014.10.26"]
[Round "2.5"]
[White "Likavsky, Tomas"]
[Black "Cech, Pavel"]
[Result "1/2-1/2"]
[WhiteElo "2447"]
[BlackElo "2424"]
[PlyCount "124"]
[EventDate "2014.10.25"]
[EventType "team-tourn"]
[EventRounds "11"]
[EventCountry "SVK"]
[SourceTitle "EXT 2015"]
[Source "ChessBase"]
[SourceDate "2014.11.20"]
[SourceVersion "1"]
[SourceVersionDate "2014.11.20"]
[SourceQuality "1"]
[WhiteTeam "Dunajov"]
[BlackTeam "Liptov Chess School"]
[WhiteTeamCountry "SVK"]
[BlackTeamCountry "SVK"]

1. d4 d5 2. c4 c6 3. Nf3 Nf6 4. e3 Bf5 5. Nc3 e6 6. Nh4 Bg6 7. Qb3 Qc7 8. Nxg6 hxg6 9. g3 Nbd7 10. Rb1 Be7 11. Bg2 0-0 12. 0-0 dxc4 13. Qxc4 e5 14. Rd1 Rad8 15. Qe2 Nb6 16. dxe5 Rxd1+ 17. Nxd1 Qxe5 18. Nc3 Rd8 19. Bd2 g5 20. h3 Nc4 21. Be1 Qe6 22. Rd1 Rxd1 23. Nxd1 Ne5 24. Nc3 Qd7 25. Bf1 Qf5 26. f4 gxf4 27. exf4 Bc5+ 28. Kh1 Ng6 29. Bg2 Qd7 30. Qc4 Bd4 31. b3 Qe7 32. Qe2 Qc5 33. Ne4 Qc1 34. Nxf6+ Bxf6 35. Kh2 Qc5 36. h4 Qe7 37. Qxe7 Nxe7 38. g4 g6 39. Kg3 Nd5 40. Bxd5 cxd5 41. Bb4 Bd4 42. f5 Be5+ 43. Kf3 gxf5 44. gxf5 Kg7 45. Bd2 Kf6 46. Kg4 Bb2 47. Bg5+ Kg7 48. Kf3 a6 49. Ke2 Be5 50. Kd3 Kh7 51. a4 Bb2 52. Be3 Bf6 53. Bg5 Be5 54. Ke2 Kg7 55. Kf3 Kh7 56. Bf4 Bf6 57. Kg4 Kg7 58. Bd6 Kh7 59. Bf8 Kg8 60. Bh6 Kh7 61. Bd2 Be5 62. Kf3 Kg7 1/2-1/2

[Event "SVK-chT 1314"]
[Site "Slovakia"]
[Date "2014.03.28"]
[Round "9.2"]
[White "Likavsky, Tomas"]
[Black "Straka, Jozef1111"]
[Result "1-0"]
[WhiteElo "2450"]
[BlackElo "2291"]
[PlyCount "103"]
[EventDate "2013.11.09"]
[EventType "team-tourn"]
[EventRounds "11"]
[EventCountry "SVK"]
[SourceTitle "EXT 2015"]
[Source "ChessBase"]
[SourceDate "2014.11.20"]
[SourceVersion "1"]
[SourceVersionDate "2014.11.20"]
[SourceQuality "1"]
[WhiteTeam "Dunajov"]
[BlackTeam "Cadca"]
[WhiteTeamCountry "SVK"]
[BlackTeamCountry "SVK"]

1. d4 d5 2. c4 e6 3. Nf3 Nf6 4. g3 Be7 5. Bg2 0-0 6. 0-0 dxc4 7. Qc2 Bd7 8. Qxc4 Bc6 9. Nc3 Nbd7 10. Qd3 Nd5 11. Nxd5 Bxd5 12. e4 Bc6 13. Rd1 a6 14. Be3 Bb5 15. Qb3 Nb6 16. a4 Be2 17. Rd2 Bxf3 18. Bxf3 a5 19. d5 exd5 20. Bxb6 cxb6 21. e5 d4 22. Bxb7 Ra7 23. Bd5 Bc5 24. Rd3 Kh8 25. Re1 Rd7 26. Bc4 Re7 27. Qc2 Qc7 28. e6 fxe6 29. Rxe6 Rxe6 30. Bxe6 Qe5 31. Bg4 Qe4 32. Be2 h6 33. b3 Bb4 34. Qd1 Re8 35. Bf1 Bc3 36. h4 Rf8 37. f4 Re8 38. Kh2 Qe1 39. Qf3 Qe4 40. Qh5 Rc8 41. Rf3 Qe8 42. Qg4 Rc5 43. Bd3 h5 44. Qh3 Bd2 45. f5 Rc3 46. Qf1 Rc1 47. Qg2 Be3 48. f6 gxf6 49. Rxf6 Kg7 50. Qf3 Rc5 51. Rxb6 Qe7 52. Rg6+ 1-0

[Event "SVK-chT1W 1314"]
[Site "Slovakia"]
[Date "2014.03.22"]
[Round "10.1"]
[White "Bagi, Mate"]
[Black "Likavsky, Tomas"]
[Result "0-1"]
[WhiteElo "2368"]
[BlackElo "2453"]
[PlyCount "65"]
[EventDate "2013.10.12"]
[EventType "team-tourn"]
[EventRounds "11"]
[EventCountry "SVK"]
[SourceTitle "EXT 2015"]
[Source "ChessBase"]
[SourceDate "2014.11.20"]
[SourceVersion "1"]
[SourceVersionDate "2014.11.20"]
[SourceQuality "1"]
[WhiteTeam "Komarno"]
[BlackTeam "Trnava Lokomotiva"]
[WhiteTeamCountry "SVK"]
[BlackTeamCountry "SVK"]

1. e4 c5 2. Nf3 d6 3. Bb5+ Nd7 4. d4 cxd4 5. Qxd4 a6 6. Bxd7+ Bxd7 7. c4 b5 8. Na3 e5 9. Qd3 Nf6 10. Bg5 Qa5+ 11. Nd2 Nh5 12. Qe2 g6 13. 0-0 h6 14. Be3 Be7 15. Rfd1 Nf6 16. f3 Rc8 17. Nb3 Qa4 18. cxb5 axb5 19. Qd2 g5 20. Nc2 g4 21. Nb4 gxf3 22. gxf3 Rc4 23. Nd5 Rg8+ 24. Kh1 Nxd5 25. exd5 Bf5 26. Rg1 Rxg1+ 27. Rxg1 Rc2 28. Rg8+ Kd7 29. Qa5 Qxa5 30. Nxa5 e4 31. f4 Re2 32. Bb6 e3 33. Ba7 0-1

[Event "SVK-chT 1314"]
[Site "Slovakia"]
[Date "2014.01.25"]
[Round "5.5"]
[White "Istona, Martin"]
[Black "Likavsky, Tomas"]
[Result "1/2-1/2"]
[WhiteElo "2101"]
[BlackElo "2450"]
[PlyCount "80"]
[EventDate "2013.11.09"]
[EventType "team-tourn"]
[EventRounds "11"]
[EventCountry "SVK"]
[SourceTitle "EXT 2015"]
[Source "ChessBase"]
[SourceDate "2014.11.20"]
[SourceVersion "1"]
[SourceVersionDate "2014.11.20"]
[SourceQuality "1"]
[WhiteTeam "Stara Lubovna"]
[BlackTeam "Dunajov"]
[WhiteTeamCountry "SVK"]
[BlackTeamCountry "SVK"]

1. e4 c5 2. Nf3 d6 3. d4 cxd4 4. Nxd4 Nf6 5. Nc3 Nc6 6. Bg5 e6 7. Qd2 Qb6 8. 0-0-0 Qxd4 9. Qxd4 Nxd4 10. Rxd4 a6 11. Bxf6 gxf6 12. Na4 d5 13. exd5 b5 14. Nc3 Bb7 15. dxe6 fxe6 16. f3 Bc5 17. Rd3 Rd8 18. Rxd8+ Kxd8 19. Bd3 Rg8 20. g3 h5 21. Be4 Bc8 22. f4 h4 23. Ne2 Ke7 24. c3 e5 25. f5 Be3+ 26. Kc2 h3 27. Rf1 Rd8 28. Rd1 Rxd1 29. Kxd1 Kf8 30. Ke1 Kg7 31. Kf1 a5 32. Ng1 Bxg1 33. Kxg1 Kh6 34. b4 axb4 35. cxb4 Bd7 36. Kf2 Kg5 37. Ke3 Kg4 38. a3 Be8 39. Bb7 Bd7 40. Be4 Be8 1/2-1/2